| 000 | 00622nam a2200217 i 4500 | ||
|---|---|---|---|
| 001 | 134194 | ||
| 003 | ES-MaACL | ||
| 005 | 20230906194624.0 | ||
| 007 | t| | ||
| 008 | 070906s1930 fr ||||1| fre d | ||
| 100 | 1 |
_aWeyssenhoff, Jósef. _9116609 |
|
| 245 | 1 | 3 |
_aLa martre et la fille / _cJoseph Weyssenhoff ; traduction de Paul Cazin. |
| 250 | _a3e ed. | ||
| 260 |
_aParis : _bGallimard, _c1930. |
||
| 300 |
_a312 p. ; _c19 cm. |
||
| 490 | 1 |
_aCollection polonaise ; _v3 |
|
| 700 | 0 |
_aCazin, Paul. _937246 |
|
| 830 | 0 |
_aCollection polonaise ; _v3 _9219825 |
|
| 852 |
_aES-MaACL _jA-2759 |
||
| 999 |
_c134194 _d134194 |
||